| 000 | 00682nam a2200157 a 4500 | ||
|---|---|---|---|
| 008 | 110805s2011 ||||||||||||||||| || u | ||
| 050 | _aGOV.ZAM(02)2011/2 | ||
| 110 | _aGovernment of the Republic of Zambia (GRZ) | ||
| 245 | 1 | 0 | _aService delivery improvement fund: governement strategy for facilitating service delivery improvements |
| 260 |
_aLusaka _bCabinet office _c2011 |
||
| 300 | _a17p. ;ill. | ||
| 350 | _a0.00 | ||
| 650 | _aSERVICE MANAGEMENT | ||
| 710 | _aGovernment of the Republic of Zambia. Cabinet Office | ||
| 995 |
_D0.00 _FCBU-MAIN LIBRARY (Kitwe) _H1 _I0.00 _M1 _UAVAILABLE _WAug 5, 2011 _ZZambiana Collection |
||
| 999 |
_c57317 _d57317 |
||